Memoria /

Guardado en:
Bibliografiske detaljer
Hovedforfatter: Hernández R, Oscar E.
Andre forfattere: ed.
Format: Texto
Udgivet: San José: UCR
Fag:
Tags: Tilføj Tag
Ingen Tags, Vær først til at tagge denne postø!

MARC

LEADER 00000 a a2200000 04500
001 29115
003
040
090 |a 190710  
100 |a Hernández R, Oscar E.  
245 |a Memoria /  |c Oscar E. Hernández R.  
260 |a San José:   |b UCR  
300 |a 182 p.  
650 |a POBLACION URBANA  
650 |a OPTIMO DE POBLACION  
700 |a ed.  
999 |c 15741  |d 15741